000 00681nam a2200193Ii 4500
003 JO-AjNU
008 230605s9999||||xx |||||||||||||| ||und||
040 _aJO-AjNU
_bara
_erda
_cJO-AjNU
041 _aara
050 1 4 _aGV1114.3 1995
100 3 _aتاليف ابو عثمان، احمد,
_eauthor
_910638
245 0 0 _aشاولين كونغ فو 5000عام
264 3 1 _aعمان مكتبة برهومة، 1995
300 _a116ص
_bصور توضبحية
336 _atext
_btxt
_2rdacontent
337 _aunmediated
_bn
_2rdamedia
338 _avolume
_bnc
_2rdacarrier
650 4 _aالعاب المبارزة - الالعاب القتالية - التايكواندو
_910639
999 _aA1909
_c5477
_d5477